000 00653nam a2200217 a 4500
999 _c3630
_d3630
001 3630
003 BD-JhCC
005 20171115183912.0
008 171115s1999 bg |||| ||a| 000 0 ben d
035 _a(BD-JhCC)3630
040 _aBD-JhCC
_dBD-JhCC
041 _aben
082 _a891.4409
_bIBR 1999
100 _a ইব্রাহীম, নীলিমা
245 _aশতব্দীর অন্ধকারে /
_cনীলিমা ইব্রাহীম
260 _aঢাকা :
_bমুক্তধারা,
_c১৯৯৫.
300 _a86 p. :
_c21 cm.
650 _aCollection Of Essays
942 _2ddc
_cBK